| 000 | 01025nam a22002777i 4500 | ||
|---|---|---|---|
| 999 |
_c23615 _d23615 |
||
| 003 | AR-CdUCM | ||
| 008 | 260422b20202020 d|||| |||| 00| 0 spa d | ||
| 020 | _a978-607-550-206-9 | ||
| 040 |
_aMUNICIPALIDAD PROVINCIAL DEL CUSCO _cBIBLIOTECA MUNICIPAL DEL CUSCO |
||
| 041 | _hspa | ||
| 082 |
_24ª Ed. _a516 _bB17 |
||
| 100 |
_aBaldor, Aurelio _926843 |
||
| 245 | _aGeometría y trigonometría Baldor / | ||
| 260 |
_aMéxico : _bGrupo Editorial Patria _c2020 |
||
| 300 |
_a554 páginas. : _c16,5x24 cm. |
||
| 505 | _aÁngulos -- Polígonos -- Segmentos proporcionales -- Circunferencia y círculo -- Áreas -- Rectas y planos -- Prismas y pirámides -- Cuerpos redondos -- Trigonometría -- Resolución de triángulos | ||
| 650 |
_aGeometría _952618 |
||
| 650 |
_aTrigonometría _952619 |
||
| 650 |
_aÁngulos _914140 |
||
| 650 |
_aCírculo _913412 |
||
| 650 |
_aCircunferencia _920059 |
||
| 650 |
_aÁreas _952620 |
||
| 856 | _fwww.editorialpatria.com.mx | ||
| 942 |
_2ddc _cLIBROS |
||
| 945 |
_aesh _d22-04-2026 |
||